01218nam0a22002411i 4500001001100000005001700011021001900028035002600047100004100073101000800114102000700122105001800129200037900147210002500526215001200551300007500563700006200638702013500700702008200835801001800917801002200935852001900957rc\424259620260407065124.0 aRUb[68-50080] a(NLR Aleph) 008231026 a20130416d1968 |||y0rusy50 ca0 arus aRU ay d |||||1 aФольклор и творчество писателя в таджикской советской литературеe(На примере творчества С. Айни и А. Лахути)eАвтореферат дис. на соискание учен. степени д-ра филол. наукe(642)fТадж. гос. ун-т им. В.И. Ленина aДушанбеd1968 a160 с. aПеред загл. авт.: В.М. Асроров (В. Асрори) 1aАсроровbВ.М.gВахид Мирашурович 145708rus7caaАйниbС.cтаджикский сов. писательf1878-1954gСадриддин3RU\NLR\auth\7715967 1aЛахутиbА.А.f1887-1957gАбулькасим Ахмедзаде4570 0aRUbNLRgpsbo 1aRUbELAR2rusmarc aNLRj68-5/4026